[Event "27th Kavala Open 2018"]
[Site "Kavala"]
[Date "2018.08.08"]
[Round "6"]
[White "Mastrovasilis, Athanasios"]
[Black "Grigoriadis, Alexandros"]
[Result "0-1"]
[WhiteElo "2518"]
[BlackElo "2211"]
[Annotator "ChessBase"]
[PlyCount "80"]
[EventDate "2018.08.06"]
[EventType "swiss"]
[EventCountry "GRE"]
[SourceTitle "playchess.com"]
[Source "ChessBase"]
[SourceQuality "1"]
[TimeControl "40/5400+30:900+30"]

1. d4 {[%emt 0:03:48]} Nf6 {[%emt 0:03:34]} 2. Nf3 {[%emt 0:00:56]} g6 {[%emt 0:00:21]} 3. g3 {[%emt 0:02:03]} Bg7 {[%emt 0:00:52]} 4. Bg2 {[%emt 0:00:06]} c5 {[%emt 0:00:23]} 5. c3 {[%emt 0:02:26]} cxd4 {[%emt 0:01:19]} 6. cxd4 {[%emt 0:00:09]} O-O {[%emt 0:00:27]} 7. Nc3 {[%emt 0:00:40]} d5 {[%emt 0:00:08]} 8. Ne5 {[%emt 0:01:33]} b6 {[%emt 0:07:44]} 9. Bf4 {[%emt 0:14:59]} Bb7 {[%emt 0:03:25]} 10. Qa4 {[%emt 0:09:49]} e6 {[%emt 0:02:56]} 11. Rc1 {[%emt 0:01:31]} Nh5 {[%emt 0:10:35]} 12. Bd2 {[%emt 0:14:15]} a6 {[%emt 0:04:21]} 13. O-O {[%emt 0:05:25]} Nf6 {[%emt 0:11:21]} 14. e3 {[%emt 0:04:54]} Nfd7 {[%emt 0:01:11]} 15. Nxd7 {[%emt 0:00:39]} Nxd7 {[%emt 0:02:00]} 16. Ne2 {[%emt 0:08:56]} Re8 {[%emt 0:10:02]} 17. Rc2 {[%emt 0:03:30]} b5 {[%emt 0:06:56]} 18. Qa3 {[%emt 0:08:53]} Bf8 {[%emt 0:11:39]} 19. Bb4 {[%emt 0:00:24]} Bxb4 {[%emt 0:00:42]} 20. Qxb4 {[%emt 0:00:02]} Qb6 {[%emt 0:01:11]} 21. Rfc1 {[%emt 0:07:05]} a5 {[%emt 0:02:13]} 22. Qa3 {[%emt 0:00:12]} b4 {[%emt 0:04:30]} 23. Qa4 {[%emt 0:00:05]} Nf6 {[%emt 0:00:21]} 24. Nf4 {[%emt 0:00:45]} Rec8 {[%emt 0:01:22]} 25. Rc5 {[%emt 0:04:03]} Kf8 {[%emt 0:02:26]} 26. Nd3 {[%emt 0:00:26]} Rxc5 {[%emt 0:04:41]} 27. Rxc5 {[%emt 0:00:14]} Kg7 {[%emt 0:00:59]} 28. h3 {[%emt 0:00:51]} Ra6 {[%emt 0:03:28]} 29. Ne5 {[%emt 0:00:39]} Ra8 {[%emt 0:00:06]} 30. Qc2 {[%emt 0:01:25]} Ne8 {[%emt 0:00:37]} 31. Bf1 {[%emt 0:00:54]} Ra7 {[%emt 0:01:20]} 32. Qa4 {[%emt 0:00:37]} Nd6 {[%emt 0:00:32]} 33. Qd7 {[%emt 0:01:30]} Ba8 {[%emt 0:00:15]} 34. Qa4 {[%emt 0:00:31]} Ne4 {[%emt 0:00:32]} 35. Rc8 {[%emt 0:00:30]} Bb7 {[%emt 0:00:17]} 36. Rb8 {[%emt 0:00:45]} Nf6 {[%emt 0:01:32]} 37. Qb5 {[%emt 0:02:26]} Qc7 {[%emt 0:00:21]} 38. Re8 {[%emt 0:00:29]} Ba6 {[%emt 0:01:01]} 39. Qb8 {[%emt 0:00:28]} Nxe8 {[%emt 0:00:19]} 40. Qxe8 {[%emt 0:00:00]} Qc1 {[%emt 0:00:00]} 0-1

[Event "27th Kavala Open 2018"]
[Site "Kavala"]
[Date "2018.08.08"]
[Round "6"]
[White "Mu, Ke"]
[Black "Cukanovic, Petar"]
[Result "1/2-1/2"]
[WhiteElo "2446"]
[BlackElo "2189"]
[Annotator "NA"]
[PlyCount "138"]
[EventDate "2018.08.06"]
[EventType "swiss"]
[EventCountry "GRE"]
[SourceTitle "playchess.com"]
[Source "ChessBase"]
[SourceQuality "1"]
[TimeControl "40/5400+30:900+30"]

1. d4 {[%emt 0:01:40]} Nf6 {[%emt 0:00:14]} 2. c4 {[%emt 0:00:16]} e6 {[%emt 0:00:27]} 3. Nf3 {[%emt 0:00:08]} Bb4+ {[%emt 0:00:17]} 4. Nbd2 {[%emt 0:00:13]} b6 {[%emt 0:00:28]} 5. a3 {[%emt 0:00:19]} Bxd2+ {[%emt 0:00:36]} 6. Qxd2 {[%emt 0:00:06]} Bb7 {[%emt 0:00:48]} 7. e3 {[%emt 0:00:06]} d6 {[%emt 0:03:15]} 8. Be2 {[%emt 0:00:10]} a5 {[%emt 0:01:27]} 9. b3 {[%emt 0:00:06]} Nbd7 {[%emt 0:00:25]} 10. O-O {[%emt 0:00:08]} Qe7 {[%emt 0:00:48]} 11. Bb2 {[%emt 0:00:12]} O-O {[%emt 0:00:58]} 12. Qc2 {[%emt 0:00:18]} e5 {[%emt 0:03:05]} 13. dxe5 {[%emt 0:04:27]} dxe5 {[%emt 0:00:23]} 14. Rfd1 {[%emt 0:00:18]} Rad8 {[%emt 0:07:45]} 15. b4 {[%emt 0:08:37]} Rfe8 {[%emt 0:05:05]} 16. h3 {[%emt 0:16:37]} h6 {[%emt 0:13:23]} 17. Qb3 {[%emt 0:17:39]} Bc6 {[%emt 0:08:26]} 18. c5 {[%emt 0:06:10]} a4 {[%emt 0:10:31]} 19. Qc2 {[%emt 0:01:51]} b5 {[%emt 0:01:07]} 20. Qc3 {[%emt 0:02:33]} Ne4 {[%emt 0:06:26]} 21. Qe1 {[%emt 0:00:07]} Ng5 {[%emt 0:06:30]} 22. Nxg5 {[%emt 0:00:06]} Qxg5 {[%emt 0:00:14]} 23. Qf1 {[%emt 0:00:03]} Rb8 {[%emt 0:01:55]} 24. f4 {[%emt 0:06:53]} Qe7 {[%emt 0:09:40]} 25. Bf3 {[%emt 0:04:17]} e4 {[%emt 0:05:20]} 26. Be2 {[%emt 0:00:18]} Nf6 {[%emt 0:01:45]} 27. Rd2 {[%emt 0:01:49]} Red8 {[%emt 0:01:37]} 28. Rxd8+ {[%emt 0:02:27]} Qxd8 {[%emt 0:00:02]} 29. Rd1 {[%emt 0:00:06]} Qe7 {[%emt 0:00:25]} 30. Rd4 {[%emt 0:03:40]} Nd5 {[%emt 0:03:02]} 31. Qc1 {[%emt 0:01:23]} Qe6 {[%emt 0:00:33]} 32. Qd2 {[%emt 0:00:57]} Kh8 {[%emt 0:02:19]} 33. Kf2 {[%emt 0:00:51]} Kg8 {[%emt 0:01:31]} 34. Ba1 {[%emt 0:00:47]} Kh8 {[%emt 0:00:42]} 35. Bd1 {[%emt 0:01:36]} Re8 {[%emt 0:00:52]} 36. Bg4 {[%emt 0:01:28]} f5 {[%emt 0:01:00]} 37. Bh5 {[%emt 0:00:32]} Re7 {[%emt 0:00:13]} 38. g3 {[%emt 0:00:38]} Kh7 {[%emt 0:00:18]} 39. Be2 {[%emt 0:00:07]} Rd7 {[%emt 0:02:26]} 40. g4 {[%emt 0:00:00]} Qe7 {[%emt 0:00:00]} 41. Kg3 {[%emt 0:09:32]} Qf7 {[%emt 0:06:48]} 42. gxf5 {[%emt 0:06:33]} Ne7 {[%emt 0:02:56]} 43. Rxd7 {[%emt 0:00:28]} Nxf5+ {[%emt 0:00:59]} 44. Kf2 {[%emt 0:00:23]} Bxd7 {[%emt 0:00:26]} 45. Ke1 {[%emt 0:04:09]} c6 {[%emt 0:01:48]} 46. Qc3 {[%emt 0:04:48]} Qe7 {[%emt 0:04:01]} 47. Kd1 {[%emt 0:01:00]} Be6 {[%emt 0:00:38]} 48. Kc1 {[%emt 0:00:26]} Ng3 {[%emt 0:00:57]} 49. Bd1 {[%emt 0:01:15]} Bb3 {[%emt 0:00:42]} 50. Qe1 {[%emt 0:01:20]} Bxd1 {[%emt 0:00:49]} 51. Qxg3 {[%emt 0:00:05]} Qd7 {[%emt 0:00:51]} 52. Bd4 {[%emt 0:01:25]} Bh5 {[%emt 0:00:32]} 53. f5 {[%emt 0:02:25]} Qf7 {[%emt 0:01:11]} 54. Bc3 {[%emt 0:00:06]} Qd7 {[%emt 0:00:56]} 55. Qg1 {[%emt 0:00:07]} Qf7 {[%emt 0:00:55]} 56. Qg2 {[%emt 0:00:43]} Bf3 {[%emt 0:00:17]} 57. Qg3 {[%emt 0:00:05]} Be2 {[%emt 0:01:34]} 58. Qe5 {[%emt 0:02:13]} Qf6 {[%emt 0:00:21]} 59. Qxf6 {[%emt 0:04:04]} gxf6 {[%emt 0:00:04]} 60. Bxf6 {[%emt 0:00:07]} Bf1 {[%emt 0:00:12]} 61. h4 {[%emt 0:00:18]} Bh3 {[%emt 0:00:15]} 62. Kd2 {[%emt 0:01:15]} Bxf5 {[%emt 0:00:26]} 63. Kc3 {[%emt 0:00:06]} Kg6 {[%emt 0:00:38]} 64. Bd8 {[%emt 0:00:18]} Be6 {[%emt 0:00:13]} 65. Kd4 {[%emt 0:00:05]} Kf5 {[%emt 0:00:09]} 66. Be7 {[%emt 0:00:18]} h5 {[%emt 0:00:14]} 67. Bd8 {[%emt 0:00:06]} Bf7 {[%emt 0:00:28]} 68. Be7 {[%emt 0:00:08]} Be6 {[%emt 0:00:06]} 69. Bd8 {[%emt 0:00:06]} Bf7 1/2-1/2

[Event "27th Kavala Open 2018"]
[Site "Kavala"]
[Date "2018.08.08"]
[Round "6"]
[White "Ni, Shiqun"]
[Black "Kanakaris, Georgios"]
[Result "1/2-1/2"]
[WhiteElo "2436"]
[BlackElo "2398"]
[Annotator "NA"]
[PlyCount "76"]
[EventDate "2018.08.06"]
[EventType "swiss"]
[EventCountry "GRE"]
[SourceTitle "playchess.com"]
[Source "ChessBase"]
[SourceQuality "1"]
[TimeControl "40/5400+30:900+30"]

1. e4 {[%emt 0:01:31]} c5 {[%emt 0:00:09]} 2. Nf3 {[%emt 0:00:11]} d6 {[%emt 0:00:06]} 3. d4 {[%emt 0:00:10]} cxd4 {[%emt 0:00:09]} 4. Nxd4 {[%emt 0:00:02]} Nf6 {[%emt 0:00:08]} 5. Nc3 {[%emt 0:00:04]} a6 {[%emt 0:00:05]} 6. Be2 {[%emt 0:00:20]} e5 {[%emt 0:00:14]} 7. Nf3 {[%emt 0:03:57]} Be7 {[%emt 0:00:10]} 8. Bg5 {[%emt 0:05:16]} Nbd7 {[%emt 0:02:43]} 9. a4 {[%emt 0:01:08]} h6 {[%emt 0:02:08]} 10. Be3 {[%emt 0:00:14]} Ng4 {[%emt 0:02:45]} 11. Bc1 {[%emt 0:00:09]} Ngf6 {[%emt 0:00:06]} 12. O-O {[%emt 0:02:07]} O-O {[%emt 0:00:11]} 13. Nd2 {[%emt 0:06:25]} Qc7 {[%emt 0:10:58]} 14. Re1 {[%emt 0:01:19]} Nc5 {[%emt 0:03:21]} 15. Bf3 {[%emt 0:08:52]} Ne6 {[%emt 0:04:23]} 16. Nf1 {[%emt 0:06:18]} Nd4 {[%emt 0:01:28]} 17. Be3 {[%emt 0:00:20]} Nxf3+ {[%emt 0:00:35]} 18. Qxf3 {[%emt 0:00:02]} Be6 {[%emt 0:01:23]} 19. a5 {[%emt 0:01:48]} Qc6 {[%emt 0:00:35]} 20. h3 {[%emt 0:01:52]} d5 {[%emt 0:05:29]} 21. exd5 {[%emt 0:01:12]} Nxd5 {[%emt 0:00:06]} 22. Bd2 {[%emt 0:16:06]} Nb4 {[%emt 0:02:57]} 23. Qxc6 {[%emt 0:04:07]} bxc6 {[%emt 0:02:50]} 24. Rac1 {[%emt 0:05:48]} Bd6 {[%emt 0:05:07]} 25. Ne4 {[%emt 0:01:07]} Be7 {[%emt 0:00:04]} 26. Be3 {[%emt 0:06:05]} Bf5 {[%emt 0:07:23]} 27. Bc5 {[%emt 0:01:31]} Bxc5 {[%emt 0:07:02]} 28. Nxc5 {[%emt 0:00:02]} Bxc2 {[%emt 0:00:31]} 29. Rxe5 {[%emt 0:01:15]} Rfb8 {[%emt 0:00:35]} 30. Ne3 {[%emt 0:02:17]} Bg6 {[%emt 0:00:30]} 31. Nc4 {[%emt 0:10:05]} Rb5 {[%emt 0:10:25]} 32. Nb6 {[%emt 0:00:14]} Rd8 {[%emt 0:00:10]} 33. Ncd7 {[%emt 0:00:12]} f6 {[%emt 0:10:53]} 34. Rxb5 {[%emt 0:01:26]} cxb5 {[%emt 0:01:18]} 35. Rc7 Bf5 {[%emt 0:02:52]} 36. g4 {[%emt 0:07:08]} Bxd7 {[%emt 0:08:30]} 37. Nxd7 {[%emt 0:00:17]} Nd3 {[%emt 0:00:59]} 38. b3 {[%emt 0:02:08]} Re8 {[%emt 0:00:12]} 1/2-1/2

[Event "27th Kavala Open 2018"]
[Site "Kavala"]
[Date "2018.08.08"]
[Round "6"]
[White "Kourkoulos Arditis, Stamatis"]
[Black "Skaperdas, Kostantinos"]
[Result "1-0"]
[WhiteElo "2433"]
[BlackElo "2213"]
[Annotator "NA"]
[PlyCount "93"]
[EventDate "2018.08.06"]
[EventType "swiss"]
[EventCountry "GRE"]
[SourceTitle "playchess.com"]
[Source "ChessBase"]
[SourceQuality "1"]
[TimeControl "40/5400+30:900+30"]

1. e4 {[%emt 0:05:15]} e6 {[%emt 0:00:19]} 2. d4 {[%emt 0:00:07]} d5 {[%emt 0:00:01]} 3. Nc3 {[%emt 0:00:06]} Bb4 {[%emt 0:00:14]} 4. e5 {[%emt 0:00:04]} Ne7 {[%emt 0:01:18]} 5. a3 {[%emt 0:00:22]} Bxc3+ {[%emt 0:00:03]} 6. bxc3 {[%emt 0:00:05]} c5 {[%emt 0:00:03]} 7. a4 {[%emt 0:00:05]} O-O {[%emt 0:01:32]} 8. Nf3 {[%emt 0:06:52]} h6 {[%emt 0:04:26]} 9. Ba3 {[%emt 0:02:47]} b6 {[%emt 0:00:19]} 10. dxc5 {[%emt 0:01:28]} Qc7 {[%emt 0:00:28]} 11. c6 {[%emt 0:09:38]} Re8 {[%emt 0:13:10]} 12. Bb5 {[%emt 0:09:36]} Nbxc6 {[%emt 0:02:51]} 13. Bd6 {[%emt 0:00:04]} Qb7 {[%emt 0:01:51]} 14. O-O {[%emt 0:00:18]} Bd7 {[%emt 0:08:26]} 15. Qe2 {[%emt 0:01:52]} Na5 {[%emt 0:08:39]} 16. Ba6 {[%emt 0:09:42]} Qc6 {[%emt 0:00:08]} 17. Ra3 {[%emt 0:00:09]} Nf5 {[%emt 0:01:57]} 18. Nd4 {[%emt 0:00:04]} Nxd4 {[%emt 0:00:20]} 19. cxd4 {[%emt 0:00:02]} Nc4 {[%emt 0:00:25]} 20. Bb5 {[%emt 0:00:06]} Qc8 {[%emt 0:02:36]} 21. Bxc4 {[%emt 0:12:10]} Qxc4 {[%emt 0:00:23]} 22. Qd2 {[%emt 0:00:04]} Rac8 {[%emt 0:01:16]} 23. Rc1 {[%emt 0:01:35]} Bxa4 {[%emt 0:02:59]} 24. Qf4 {[%emt 0:03:24]} Kh7 {[%emt 0:05:09]} 25. Qxf7 {[%emt 0:10:46]} Qxd4 {[%emt 0:02:43]} 26. h3 {[%emt 0:00:08]} Qd2 {[%emt 0:04:58]} 27. Rca1 {[%emt 0:01:04]} b5 {[%emt 0:02:53]} 28. Rg3 {[%emt 0:03:33]} Rg8 {[%emt 0:00:01]} 29. c3 {[%emt 0:00:28]} Rxc3 {[%emt 0:04:13]} 30. Bb4 {[%emt 0:01:16]} d4 {[%emt 0:05:39]} 31. Rg4 {[%emt 0:00:21]} Qc2 {[%emt 0:09:57]} 32. Bxc3 {[%emt 0:05:57]} Qxc3 {[%emt 0:01:48]} 33. Rf1 {[%emt 0:00:06]} Bb3 {[%emt 0:02:35]} 34. Rg3 {[%emt 0:02:11]} Qc2 {[%emt 0:01:07]} 35. Ra1 {[%emt 0:02:33]} Ba2 {[%emt 0:01:31]} 36. Qxa7 {[%emt 0:00:19]} Bd5 {[%emt 0:06:51]} 37. Qxd4 {[%emt 0:00:05]} Rc8 {[%emt 0:00:27]} 38. Ra7 {[%emt 0:00:32]} Rg8 {[%emt 0:02:53]} 39. Qg4 {[%emt 0:00:46]} Qc1+ {[%emt 0:00:16]} 40. Kh2 {[%emt 0:00:00]} Qg5 {[%emt 0:00:00]} 41. Qd4 {[%emt 0:09:09]} Qf5 {[%emt 0:01:47]} 42. f4 {[%emt 0:03:14]} Kh8 {[%emt 0:01:07]} 43. Rc7 {[%emt 0:00:51]} Qf8 {[%emt 0:01:28]} 44. Qa7 {[%emt 0:01:00]} b4 {[%emt 0:00:23]} 45. Rf7 {[%emt 0:00:05]} Qa8 {[%emt 0:01:14]} 46. Qe7 {[%emt 0:01:11]} Re8 {[%emt 0:01:39]} 47. Rf8+ {[%emt 0:00:04]} 1-0

[Event "27th Kavala Open 2018"]
[Site "Kavala"]
[Date "2018.08.08"]
[Round "6"]
[White "Neelotpal, Das"]
[Black "Megalios, Konstantinos"]
[Result "1/2-1/2"]
[WhiteElo "2429"]
[BlackElo "2292"]
[Annotator "NA"]
[PlyCount "31"]
[EventDate "2018.08.06"]
[EventType "swiss"]
[EventCountry "GRE"]
[SourceTitle "playchess.com"]
[Source "ChessBase"]
[SourceQuality "1"]
[TimeControl "40/5400+30:900+30"]

1. Nf3 {[%emt 0:02:44]} d5 {[%emt 0:03:15]} 2. g3 {[%emt 0:00:05]} c6 {[%emt 0:00:05]} 3. Bg2 {[%emt 0:00:03]} Bg4 {[%emt 0:00:34]} 4. c4 {[%emt 0:00:11]} e6 {[%emt 0:00:37]} 5. cxd5 {[%emt 0:00:24]} exd5 {[%emt 0:00:26]} 6. O-O {[%emt 0:00:30]} Nf6 {[%emt 0:00:17]} 7. d3 {[%emt 0:00:05]} Bc5 {[%emt 0:02:00]} 8. Qc2 {[%emt 0:01:32]} Nbd7 {[%emt 0:01:04]} 9. e4 {[%emt 0:01:14]} O-O {[%emt 0:02:32]} 10. Nc3 {[%emt 0:08:06]} Re8 {[%emt 0:07:18]} 11. Nh4 {[%emt 0:15:12]} dxe4 {[%emt 0:06:12]} 12. dxe4 {[%emt 0:00:11]} Ne5 {[%emt 0:00:32]} 13. Na4 {[%emt 0:01:42]} Bd4 {[%emt 0:03:34]} 14. Kh1 {[%emt 0:05:58]} c5 {[%emt 0:08:40]} 15. h3 {[%emt 0:11:49]} Bd7 {[%emt 0:01:47]} 16. Nc3 {[%emt 0:11:53]} 1/2-1/2

[Event "27th Kavala Open 2018"]
[Site "Kavala"]
[Date "2018.08.08"]
[Round "6"]
[White "Tsolakidou, Stavroula"]
[Black "Alexakis, Georgios"]
[Result "1/2-1/2"]
[WhiteElo "2418"]
[BlackElo "2056"]
[Annotator "TA"]
[PlyCount "89"]
[EventDate "2018.08.06"]
[EventType "swiss"]
[EventCountry "GRE"]
[SourceTitle "playchess.com"]
[Source "ChessBase"]
[SourceQuality "1"]

{[%evp 28,89,43,46,62,21,56,50,53,22,35,25,43,37,40,34,116,105,124,82,134,55,55,55,55,56,101,18,124,91,94,83,220,212,161,0,0,-8,-8,-8,-16,-10,-11,-11,-18,-121,-105,-115,358,352,335,360,335,130,125,0,0,0,0,0,0,0,0,0]} 1. Nf3 Nf6 2. c4 e6 3. g3 d5 4. Bg2 Be7 5. d4 O-O 6. O-O c6 7. Qc2 Nbd7 8. Nbd2 b6 9. e4 dxe4 10. Nxe4 Bb7 11. Rd1 Nxe4 12. Qxe4 Nf6 13. Qe2 Qc8 14. Bf4 {E09: Closed Catalan: Main Line: 7 Qc2 c6 8 Nbd2} Re8 (14... Rd8 15. Rac1 Bd6 16. Bxd6 Rxd6 17. c5 Rd8 18. Ne5 Nd5 19. Be4 Qc7 20. a3 g6 21. h4 f6 22. cxb6 axb6 23. Nxc6 Bxc6 24. Bxd5 exd5 25. Qe6+ Qf7 26. Rxc6 {1-0 (26) Mareco,S (2645)-Leskovar,M (2306) chess.com INT 2017}) 15. Bh3 {LiveBook: 7 Games} Bf8 16. Qc2 {White is slightly better.} Qd8 $146 ({Predecessor:} 16... Nh5 17. Ng5 g6 18. Be3 Qc7 19. c5 e5 20. dxe5 Qxe5 21. Rd7 {0-1 (58) Strunk,A (2124)-Bayaraa,Z (2203) ICC INT 2008}) 17. Bg2 Qc8 18. Bg5 h6 19. Bxf6 gxf6 20. c5 Qc7 21. b4 b5 (21... Red8 $14) 22. a4 $36 {[%mdl 2048] White is in control.} a6 23. Nd2 f5 (23... Rad8 $142) 24. Nb3 (24. a5 $16) 24... Bg7 $14 25. Ra2 Red8 26. Qb2 e5 27. Qb1 (27. Qe2 $16) 27... exd4 (27... bxa4 $11 {remains equal.} 28. Rxa4 e4) 28. axb5 $16 axb5 29. Rad2 {[%cal Rb3d4]} Rd7 (29... Bc8 $16) 30. Qxf5 $18 Ra4 31. Nxd4 $2 (31. Re2 $18 {White wants to mate with Re8+.} Rd8 32. Rde1) 31... Rxb4 $11 32. Ne2 Rxd2 33. Rxd2 Bc8 34. Qd3 {And now Qd8+ would win.} Bf8 35. h4 Rc4 36. Nc3 (36. Bf3 $1 $11) 36... Be6 37. Ne4 {Nf6+ is the strong threat.} Bxc5 $2 {[%mdl 8192] [#]} (37... Qe5 $17 {stays on course.} 38. Re2 b4) 38. Nf6+ $1 $18 Kf8 39. Qh7 Ke7 40. Qh8 $2 (40. Ng8+ $18 {is the precise move to win.} Ke8 41. Qh8) 40... Bd6 $16 {[#]} 41. Re2 ({Much weaker is} 41. Qxh6 $6 Bxg3 42. Ng8+ Ke8 $11) ({White should play} 41. Ng8+ $1 $16 Kd7 42. Nf6+ (42. Nxh6 Qa5 $14) (42. Qxh6 Kc8 $11) 42... Ke7 43. Ng8+ (43. Qxh6 Bxg3 44. Ng8+ Ke8 $11) 43... Kd7 44. Nf6+ (44. Nxh6 Qa5 $14) (44. Qxh6 Kc8 $11) 44... Ke7) 41... Bxg3 $11 {The position is equal.} 42. Ng8+ ({Wrong is} 42. Qxh6 $2 Bh2+ 43. Kh1 Qf4 $19) 42... Kd7 43. Nf6+ $1 Ke7 44. Ng8+ ({Avoid the trap} 44. Qxh6 $2 Bh2+ 45. Kh1 Qf4 $19) 44... Kd7 45. Nf6+ {Precision: White = 51%, Black = 46%.} 1/2-1/2

[Event "27th Kavala Open 2018"]
[Site "Kavala"]
[Date "2018.08.08"]
[Round "6"]
[White "Bulmaga, Irina"]
[Black "Loutragotis, Dimitrios"]
[Result "1/2-1/2"]
[WhiteElo "2401"]
[BlackElo "2169"]
[Annotator "NA"]
[PlyCount "78"]
[EventDate "2018.08.06"]
[EventType "swiss"]
[EventCountry "GRE"]
[SourceTitle "playchess.com"]
[Source "ChessBase"]
[SourceQuality "1"]
[TimeControl "40/5400+30:900+30"]

1. e4 {[%emt 0:04:54]} c5 {[%emt 0:00:09]} 2. Nf3 {[%emt 0:00:07]} Nc6 {[%emt 0:00:12]} 3. Bb5 {[%emt 0:00:06]} g6 {[%emt 0:00:17]} 4. Bxc6 {[%emt 0:00:05]} dxc6 {[%emt 0:00:34]} 5. d3 {[%emt 0:00:06]} Bg7 {[%emt 0:00:36]} 6. Nc3 {[%emt 0:00:27]} e5 {[%emt 0:01:26]} 7. h3 {[%emt 0:01:10]} Ne7 {[%emt 0:00:39]} 8. Be3 {[%emt 0:00:41]} b6 {[%emt 0:01:35]} 9. Qd2 {[%emt 0:03:31]} h6 {[%emt 0:01:12]} 10. O-O-O {[%emt 0:14:38]} Be6 {[%emt 0:02:56]} 11. Kb1 {[%emt 0:00:31]} Qc7 {[%emt 0:11:16]} 12. Rhe1 {[%emt 0:02:13]} O-O-O {[%emt 0:00:49]} 13. Qe2 {[%emt 0:01:36]} Rhe8 {[%emt 0:06:01]} 14. Nd2 {[%emt 0:12:12]} f5 {[%emt 0:11:23]} 15. f3 {[%emt 0:02:32]} f4 {[%emt 0:02:50]} 16. Bf2 {[%emt 0:00:06]} g5 {[%emt 0:00:22]} 17. Nb3 {[%emt 0:00:14]} Kb8 {[%emt 0:05:49]} 18. Na4 {[%emt 0:08:12]} Ng6 {[%emt 0:04:42]} 19. Nc1 {[%emt 0:02:20]} h5 {[%emt 0:03:32]} 20. b3 {[%emt 0:02:19]} g4 {[%emt 0:03:05]} 21. hxg4 {[%emt 0:01:04]} hxg4 {[%emt 0:00:07]} 22. Rh1 {[%emt 0:00:50]} Rh8 {[%emt 0:01:47]} 23. fxg4 {[%emt 0:05:45]} Qc8 {[%emt 0:00:57]} 24. Qd2 {[%emt 0:00:11]} Bxg4 {[%emt 0:00:19]} 25. Rdf1 {[%emt 0:00:22]} Bf6 {[%emt 0:07:09]} 26. Nb2 {[%emt 0:04:48]} Be7 {[%emt 0:03:40]} 27. a3 {[%emt 0:08:15]} Rxh1 {[%emt 0:01:19]} 28. Rxh1 {[%emt 0:00:01]} Rh8 {[%emt 0:00:10]} 29. Rxh8 {[%emt 0:00:52]} Qxh8 {[%emt 0:00:07]} 30. g3 {[%emt 0:01:45]} Qh2 {[%emt 0:08:09]} 31. Qe1 {[%emt 0:00:56]} Nh8 {[%emt 0:05:27]} 32. b4 {[%emt 0:04:06]} cxb4 {[%emt 0:00:45]} 33. axb4 {[%emt 0:00:01]} Nf7 {[%emt 0:00:29]} 34. gxf4 {[%emt 0:02:52]} exf4 {[%emt 0:00:25]} 35. d4 {[%emt 0:00:32]} Ng5 {[%emt 0:01:06]} 36. Nbd3 {[%emt 0:02:49]} Bf3 {[%emt 0:07:56]} 37. Nxf4 {[%emt 0:07:33]} Nxe4 {[%emt 0:00:15]} 38. Nfd3 {[%emt 0:00:35]} Bg5 {[%emt 0:04:05]} 39. Qg1 {[%emt 0:04:47]} Qxg1 {[%emt 0:03:51]} 1/2-1/2

[Event "27th Kavala Open 2018"]
[Site "Kavala"]
[Date "2018.08.08"]
[Round "6"]
[White "Gouloutis, Nikolaos"]
[Black "Kakushadze, Ilia"]
[Result "1/2-1/2"]
[WhiteElo "2391"]
[BlackElo "2149"]
[Annotator "NA"]
[PlyCount "85"]
[EventDate "2018.08.06"]
[EventType "swiss"]
[EventCountry "GRE"]
[SourceTitle "playchess.com"]
[Source "ChessBase"]
[SourceQuality "1"]
[TimeControl "40/5400+30:900+30"]

1. d4 {[%emt 0:05:19]} Nf6 {[%emt 0:00:08]} 2. Nf3 {[%emt 0:00:07]} c5 {[%emt 0:00:09]} 3. d5 {[%emt 0:05:46]} b5 {[%emt 0:00:05]} 4. Bg5 {[%emt 0:01:48]} Qb6 {[%emt 0:00:06]} 5. Bxf6 {[%emt 0:03:41]} Qxf6 {[%emt 0:00:05]} 6. c3 {[%emt 0:00:04]} g6 {[%emt 0:00:04]} 7. e4 {[%emt 0:01:23]} Qb6 {[%emt 0:00:04]} 8. Nbd2 {[%emt 0:13:35]} Bg7 {[%emt 0:01:34]} 9. a4 {[%emt 0:01:59]} b4 {[%emt 0:00:06]} 10. Nc4 {[%emt 0:08:06]} Qb7 {[%emt 0:00:31]} 11. Qc2 {[%emt 0:00:45]} O-O {[%emt 0:00:07]} 12. Bd3 {[%emt 0:03:19]} d6 {[%emt 0:00:05]} 13. O-O {[%emt 0:00:21]} bxc3 {[%emt 0:00:35]} 14. bxc3 {[%emt 0:00:13]} Qc7 {[%emt 0:00:04]} 15. Rab1 {[%emt 0:06:43]} Nd7 {[%emt 0:01:18]} 16. Ne3 {[%emt 0:23:14]} Qa5 {[%emt 0:01:58]} 17. Rfc1 {[%emt 0:00:07]} Ba6 {[%emt 0:00:36]} 18. Bb5 {[%emt 0:04:11]} Bxb5 {[%emt 0:06:41]} 19. axb5 {[%emt 0:01:59]} Qc7 {[%emt 0:08:30]} 20. Nc4 {[%emt 0:00:17]} Nb6 {[%emt 0:00:22]} 21. Qe2 {[%emt 0:05:12]} Nxc4 {[%emt 0:07:02]} 22. Qxc4 {[%emt 0:00:04]} Rfb8 {[%emt 0:00:13]} 23. h4 {[%emt 0:01:59]} Qa5 {[%emt 0:05:16]} 24. e5 {[%emt 0:03:46]} Qc7 {[%emt 0:09:11]} 25. e6 {[%emt 0:00:04]} f6 {[%emt 0:01:12]} 26. h5 {[%emt 0:00:11]} g5 {[%emt 0:01:09]} 27. Nd2 {[%emt 0:03:23]} f5 {[%emt 0:03:54]} 28. Qd3 {[%emt 0:00:45]} Rf8 {[%emt 0:00:21]} 29. Nc4 {[%emt 0:00:08]} Qd8 {[%emt 0:03:16]} 30. b6 {[%emt 0:01:32]} Rb8 {[%emt 0:03:48]} 31. bxa7 {[%emt 0:00:54]} Rxb1 {[%emt 0:00:11]} 32. Rxb1 {[%emt 0:01:07]} Qc7 {[%emt 0:00:04]} 33. Ra1 {[%emt 0:02:36]} Ra8 {[%emt 0:02:49]} 34. Qxf5 {[%emt 0:00:18]} Bxc3 {[%emt 0:00:40]} 35. Qf7+ {[%emt 0:01:36]} Kh8 {[%emt 0:00:04]} 36. Ra3 {[%emt 0:00:29]} Bg7 {[%emt 0:00:32]} 37. h6 {[%emt 0:00:12]} Bxh6 {[%emt 0:00:17]} 38. Ra6 {[%emt 0:00:59]} Qb7 {[%emt 0:12:25]} 39. Nb6 {[%emt 0:00:40]} Qxa6 {[%emt 0:01:27]} 40. Nxa8 {[%emt 0:00:00]} Qxa7 {[%emt 0:00:00]} 41. Qe8+ {[%emt 0:14:10]} Kg7 {[%emt 0:00:18]} 42. Qf7+ {[%emt 0:00:05]} Kh8 {[%emt 0:00:02]} 43. Qe8+ {[%emt 0:02:29]} 1/2-1/2